000 00731nam a22002538a 4500
008
020 _a0273037773 (pbk. )
049 _aMAIN
090 _aHB171.5 BEA
100 1 _aBeardshaw, John.
245 1 0 _aEconomics :
_ba student's guide /
_cJohn Beardshaw.
250 _a3rd ed. /
_bJohn Beardshaw with contributions by Andy Ross.
260 _aLondon :
_bPitman,
_c1992.
300 _axiv, 751 p. :
_bill., maps ;
_c25 cm.
500 _aPrevious ed.: 1989.
500 _aIncludes index.
653 0 _aEconomics
700 1 _aRoss, Andy.
907 _a.b10036465
_b20-10-14
_c17-04-03
003
005 20230123133200.0
040 _cNUST
942 _cBOOKS
_kHB171.5 BEA
999 _c144146
_d144146